Charter for the land (Record no. 499095)

000 -LEADER
fixed length control field 00341cam a22001217a 4500
008 - FIXED-LENGTH DATA ELEMENTS--GENERAL INFORMATION
fixed length control field 180718b1972 xxu||||| |||| 00| 0 eng d
082 ## - DEWEY DECIMAL CLASSIFICATION NUMBER
Classification number Y11x54 In2
100 ## - MAIN ENTRY--PERSONAL NAME
Personal name Vohra, B.B.
245 ## - TITLE STATEMENT
Title Charter for the land
Statement of responsibility, etc. by B.B. Vohra
260 ## - PUBLICATION, DISTRIBUTION, ETC.
Place of publication, distribution, etc. New Delhi
Name of publisher, distributor, etc. Ministry of Agriculture
Date of publication, distribution, etc. 1972
300 ## - PHYSICAL DESCRIPTION
Extent 35p.
700 ## - ADDED ENTRY--PERSONAL NAME
Personal name India. Ministry of Agriculture
Holdings
Withdrawn status Lost status Damaged status Not for loan Permanent Location Current Location Date acquired Full call number Barcode Date last seen Price effective from Koha item type
        Indian Institute of Public Administration Indian Institute of Public Administration 2018-08-04 Y11x54 In2 GG13225 2018-08-04 2018-08-04 GG

Powered by Koha